Catálogo

VIVERISTAS DE FRUTALES, VIDES Y PLANTAS DE JARDIN : (Registro nro. 18697)

Detalles MARC
000 -LEADER
fixed length control field 00488nam a2200145 a 4500
001 - CONTROL NUMBER
control field 18697
005 - DATE AND TIME OF LATEST TRANSACTION
control field 20180713212029.0
008 - FIXED-LENGTH DATA ELEMENTS--GENERAL INFORMATION
fixed length control field 140415s1965 000 0 spa d
041 ## - LANGUAGE CODE
Language code of text/sound track or separate title spa
082 ## - DEWEY DECIMAL CLASSIFICATION NUMBER
Classification number 631.52
Item number VIV
245 00 - TITLE STATEMENT
Title VIVERISTAS DE FRUTALES, VIDES Y PLANTAS DE JARDIN :
Remainder of title RELACION DE VIVERISTAS Y ESTABLECIMIENTOS DE HORTICULTU...
260 ## - PUBLICATION, DISTRIBUTION, ETC.
Place of publication, distribution, etc. [s.l.] :
Name of publisher, distributor, etc. PUBLICACIONES DEL MINISTERIO DE AGRICULTURA,
Date of publication, distribution, etc. 1965
300 ## - PHYSICAL DESCRIPTION
Extent 130
650 14 - SUBJECT ADDED ENTRY--TOPICAL TERM
Topical term or geographic name entry element VIVEROS (HORTICULTURA)
Existencias
Withdrawn status Lost status Source of classification or shelving scheme Damaged status Not for loan Collection code Home library Current library Shelving location Date acquired Source of acquisition Inventory number Total Checkouts Full call number Barcode Date last seen Price effective from Koha item type
    Dewey Decimal Classification     General Biblioteca Karol Wojtyla Biblioteca Karol Wojtyla Sala general 03/12/2013 Compra 151000000000000000012961   631.52 VIV 38055 05/01/2026 03/12/2013 Libro